000 00525nam a2200181Ia 4500
005 20250326142852.0
008 250326s9999 xx 000 0 und d
037 _aTextbook
040 _aFMSL
_beng
_cFMSL
041 _aeng
_2eng
084 _aR4 N7
_qFMSL
100 _aCovey S R
_9742523
245 0 _a7 Habits of highly effective people : restoring the character ethic
_cCovey S R
260 _aLondon
_bLondon, SImon & Schuster
_c1997
300 _a358p
942 _cTB
_hR4 N7
999 _c1297021
_d1297021